000 00826nam a22001457a 4500
999 _c527531
_d527531
008 240903b ||||| |||| 00| 0 eng d
100 _aKumar, Neeraj and Varman, P. Mahendra
_957866
245 _aIs GDP a good measure of people’s well-being? Evidence from BRICS nations.
260 _aMadhya Pradesh Journal of Social Sciences
300 _a28(1), Jun, 2023: p.15-31
520 _aIn economics, income is always considered a significant factor that is needed to maximize the well-being of the people. The belfries of ecomdists that an incrse in income increases the subjective well-being of the people are questioned by Easterlin in his seminal work which is also called as Easerin paradox. – Reproduced
773 _aMadhya Pradesh Journal of Social Sciences
906 _aECONOMIC DEVELOPMENT
942 _cAR